00898nam a22002417a 450000500170000001000150001702000260003203500140005803700130007208200210008510000230010624500840012925000110021326000410022427000340026530000210029950000220032050001340034270000190047694200220049599900190051795201200053620180625105546.0 aENG-123268 a9789352831227c300.00 aEN-106800 bDBAD/PUB a57625th edition aKaushik, Purshotam aMicrobiology:cby Purshotam Kaushik [and] Kirti Kaushikbquestions and answers/ a5th ed aNew DelhibS. Chand Publishingc2018 aRam Nagar,bNew Delhie110055 a471p.c24cm(pbk) aIt includes index aFor BSc (Pass & Hons.), MSc students of all Indian Universities and also useful for competitive examinations like NET, GATE, etc. aKaushik, Kirti 2ddccENmKAUh576 c152894d152894 001040708NFICaBL1bBL1d2018-06-21eDBAD/PUBg300.00l0o576 KAUpEN-106800r2018-06-21 00:00:00t1v300.00yEN